000 00324nam a22001217a 4500
008 180607b xxu||||| |||| 00| 0 eng d
041 _aeng
080 _a043.3
100 _a0
101 _aSHKI-BA
245 _aImplementimi i Rrjetit Kompjuterik LAN/ WAN ne Ndermarrje te vogla dhe te mesme
_cKabashi, M
942 _2udc
_cBK
999 _c46606
_d46606